| 000 | 00629nam a22002057a 4500 | ||
|---|---|---|---|
| 999 |
_c16936 _d16936 |
||
| 003 | AR-CdUCM | ||
| 008 | 190506b ||||| |||| 00| 0 spa d | ||
| 040 |
_aMUNICIPALIDAD PROVINCIAL DEL CUSCO _cBIBLIOTECA MUNICIPAL DEL CUSCO |
||
| 082 |
_a780.92 / _bT61 |
||
| 245 |
_aLos titanes de la música : _bLos músicos mas celebres / |
||
| 260 |
_aBuenos Aires : _bAnaconda, _c1959. |
||
| 300 |
_a219 paginas ; _c20 cm. |
||
| 505 | _aContenido :Música / | ||
| 650 |
_aArte _9561 |
||
| 650 |
_aMusica _91443 |
||
| 650 |
_aEstructura _941 |
||
| 710 |
_aEdiciones Anaconda _936691 |
||
| 942 |
_2ddc _cLIBROS |
||
| 945 |
_arjall _d2019-05-06 |
||